[Event "47th GER-ch Blitz 2020"]
[Site "Magdeburg"]
[Date "2020.08.15"]
[Round "2.14"]
[White "Weller, Manuel"]
[Black "Langrock, Hannes"]
[Result "0-1"]
[WhiteElo "2237"]
[BlackElo "2346"]
[Annotator "TA"]
[PlyCount "73"]
[EventDate "2020.07.28"]
[EventType "tourn"]
[EventCountry "GER"]
[SourceTitle "playchess.com"]
[Source "ChessBase"]
[SourceQuality "1"]

{[%evp 21,73,10,8,0,0,0,0,3,0,0,17,15,11,10,10,0,23,0,0,0,27,0,2,0,0,-37,-32,-23,0,-6,-27,-161,-105,-130,-111,-227,-235,-227,-204,-246,-249,-900,-876,-1197,-1109,-29974,-5469,-2047,-1671,-29994,-29994,-29994,-29995,-29996]} 1. c4 f5 2. g3 Nf6 3. Bg2 g6 4. Nc3 Bg7 5. e3 O-O 6. Nge2 d6 7. O-O e5 8. d3 c6 9. Rb1 Be6 10. b4 Nbd7 11. b5 Qc7 12. a4 {[#] A21: English Opening: 1...e5 2 Nc3.} a6 $146 ({Predecessor:} 12... Rac8 13. Ba3 Rfd8 14. Qc2 d5 15. cxd5 cxd5 16. Qb3 Nc5 17. Bxc5 Qxc5 18. Rfc1 Qd6 19. Qb2 Nd7 {1-0 (47) Romanov,V (1182)-Ribstein,O (1662) Bratislava 2019}) 13. bxc6 bxc6 14. Ba3 {The position is equal.} Rab8 15. Qc2 h6 16. Rxb8 Rxb8 17. Rb1 Rxb1+ 18. Qxb1 d5 19. c5 g5 20. d4 e4 21. Qb4 h5 22. a5 h4 23. Na4 hxg3 24. hxg3 Nh5 {next ...f4 is good for Black.} 25. Nb6 Nf8 {White must now prevent ...f4.} 26. Na8 {[#]} (26. Bc1 $1 $11 {and White is okay.}) 26... Qd8 (26... Qa7 $1 $19 {[%cal Ra7a8]} 27. g4 (27. Nb6 f4 $17) 27... f4 28. gxh5 f3) 27. Qb7 Qxa5 28. Bb4 (28. Nc7 $17 Bd7 29. Bb4 Qa1+ 30. Bf1) 28... Qa1+ $19 29. Bf1 {[#]} f4 $1 {[%mdl 512] Threatens to win with ...Bh3.} 30. Bc3 {[#]} (30. exf4 Bh3) 30... Qd1 $1 $40 {[%mdl 128] ( -> ...Bh3). Black has strong attack.} 31. Qb4 $2 (31. Qb2) 31... f3 32. Nf4 gxf4 33. exf4 Bh3 34. Be1 Bxf1 35. Kxf1 {[#]} Nxg3+ $1 36. Kg1 (36. fxg3 Qe2+) 36... Qe2 37. Kh2 {Accuracy: White = 43%, Black = 90%.} 0-1

[Event "47th GER-ch Blitz 2020"]
[Site "Magdeburg"]
[Date "2020.08.15"]
[Round "2.15"]
[White "Voege, Tobias"]
[Black "Holtel, Jasper"]
[Result "0-1"]
[WhiteElo "2326"]
[BlackElo "2305"]
[Annotator "TA"]
[PlyCount "108"]
[EventDate "2020.07.28"]
[EventType "tourn"]
[EventCountry "GER"]
[SourceTitle "playchess.com"]
[Source "ChessBase"]
[SourceQuality "1"]

{[%evp 23,108,25,32,14,26,-9,45,-114,21,18,13,0,16,0,25,0,50,-110,-86,-122,-117,-437,-444,-483,-468,-447,-167,-163,-166,-169,-159,-143,-110,-192,-189,-179,-177,-179,-170,-200,-192,-240,-237,-220,-216,-218,-175,-354,-349,-345,-318,-350,-281,-255,-246,-506,-506,-506,-506,-452,-440,-506,-506,-506,-506,-506,-506,-506,-506,-12833,-12833,-12832,-12831,-12839,-12840,-12844,-12844,-12845,-12845,-12845,-12843,-12844,-12844,-29988,-29989,-29989,-29990]} 1. d4 Nf6 2. c4 g6 3. Nc3 d5 4. cxd5 Nxd5 5. e4 Nxc3 6. bxc3 Bg7 7. Bc4 O-O 8. Ne2 c5 9. O-O Nc6 10. Be3 Bg4 11. f3 Bd7 12. Rb1 Qc7 13. Bd3 {D87: Exchange Grünfeld: Classical Line: Variations without ...cxd4.} Rad8 14. Qc1 {[#]} b6 $146 (14... cxd4 $11 15. cxd4 Qd6) ({Predecessor:} 14... Na5 15. Qa3 e5 16. d5 c4 17. Bc2 b6 18. f4 Bg4 19. Ng3 exf4 20. Bxf4 Be5 {1-0 (41) David,A (2597)-Heimann,A (2459) Zuerich 2011}) 15. Bh6 $2 {[#]} (15. Rd1 $14 {stays ahead.}) 15... Bc8 (15... Bxh6 $1 $17 16. Qxh6 cxd4) 16. Bxg7 $11 Kxg7 17. Rd1 e6 18. h4 h5 19. Qg5 Qe7 20. Qg3 $2 (20. Qxe7 $14 {keeps the upper hand.} Nxe7 21. Bc4) 20... cxd4 $17 21. Bb5 dxc3 22. Rxd8 $4 {[%mdl 8192]} (22. Rdc1 $17) 22... Rxd8 $19 23. Bxc6 Qc5+ {[%mdl 64] Double Attack} 24. Kh2 Qxc6 $2 (24... c2 25. Rb3 Ba6) 25. Qe5+ f6 26. Qxc3 Qxc3 27. Nxc3 {[%mdl 4096] Endgame KRB-KRN} Ba6 28. Rb2 (28. a4 $17) 28... Rd3 29. Nb1 Kf7 30. Kg3 e5 31. Kf2 Ke6 32. Nd2 Rc3 33. Nb1 Rc1 34. Nd2 Bd3 35. Nb3 $2 (35. Rb3 Bc4 36. Ra3) 35... Rc2+ 36. Rxc2 Bxc2 {KB-KN} 37. Nd2 Bd3 38. Ke3 Bb5 39. g4 $2 (39. f4 {was necessary.}) 39... a5 40. gxh5 gxh5 41. f4 Kd6 42. fxe5+ fxe5 43. Nf3 Bc4 44. a3 {[#]} b5 $1 {[%cal Rb5b4]} 45. Kd2 b4 46. axb4 (46. Ng5 $142 bxa3 47. Kc2) 46... axb4 {[%cal Ba5b4,Bb4b3][%mdl 32]} 47. Ne1 Ba6 48. Nc2 Kc5 49. Ke3 b3 50. Na3 Kb4 51. Nb1 b2 52. Kd2 Kb3 53. Kd1 {[#]} Bd3 $1 {[%mdl 64] Double Attack} 54. Nd2+ Kc3 {Accuracy: White = 44%, Black = 69%.} 0-1

[Event "47th GER-ch Blitz 2020"]
[Site "Magdeburg"]
[Date "2020.08.15"]
[Round "3.1"]
[White "Holtel, Jasper"]
[Black "Donchenko, Alexander"]
[Result "0-1"]
[WhiteElo "2305"]
[BlackElo "2646"]
[Annotator "TA"]
[PlyCount "90"]
[EventDate "2020.07.28"]
[EventType "tourn"]
[EventCountry "GER"]
[SourceTitle "playchess.com"]
[Source "ChessBase"]
[SourceQuality "1"]

{[%evp 21,90,20,27,30,67,66,85,83,89,-18,0,-33,-22,-64,-62,-92,-62,-72,-75,-87,-81,-95,-87,-114,-99,-106,-114,-174,-175,-255,-242,-342,0,0,32,21,51,21,64,61,58,0,59,30,65,16,81,88,99,95,91,31,25,0,0,-32,-62,-57,-42,-69,-68,-60,-64,-64,-62,-72,0,-216,-214,-1646,-1560]} 1. e4 c6 2. d4 d5 3. exd5 cxd5 4. c4 Nf6 5. Nc3 Nc6 6. Nf3 Be6 7. c5 g6 8. Bb5 Bg7 9. Ne5 Bd7 10. Bxc6 bxc6 11. O-O O-O 12. Re1 {[#] B13: Caro-Kann: Exchange Variation and Panov-Botvinnik Attack.} Ne4 $146 ({Predecessor:} 12... Qc8 13. h3 Re8 14. Bf4 Qb7 15. Qb3 Qa6 16. Qa4 Qxa4 17. Nxa4 Rac8 18. Nc3 Bf5 19. g4 Be6 {½-½ (53) Vogt,L (2395)-Romero Holmes,A (2488) Bilbao 2014}) 13. Nxe4 {[#] Ng5 is the strong threat.} dxe4 14. Rxe4 {White is better.} Re8 15. Nxd7 (15. Bf4 $16) 15... Qxd7 $11 16. Bf4 Rad8 {[%cal Rg7d4]} 17. Qa4 Bxd4 18. Rae1 Bxc5 19. h3 Bd4 20. b3 c5 21. Qc4 Qf5 22. Bg3 Rd7 23. Rf4 Qd5 24. Qe2 (24. Qxd5 $17 Rxd5 25. Rfe4) 24... e5 25. Rh4 (25. Rf6 {is a better defense.}) 25... f5 $19 26. Qd2 (26. Bf4 {was called for.}) 26... f4 $2 (26... Qf7 $19 27. Qe2 h5) 27. Bxf4 $1 $11 Rf8 28. Be3 Qf7 29. Qe2 Bc3 30. Rf1 Bd4 31. Bh6 (31. Re4 $14) 31... Rfd8 (31... Bxf2+ $1 $11 32. Kh1 Bxh4 33. Rxf7 Rfxf7) 32. Rg4 Rc8 33. Rg3 c4 (33... Rd6 $11) 34. Rf3 $16 Qd5 35. bxc4 Qe6 36. Rb3 (36. Rd1 $16) 36... Qxc4 $14 37. Qxc4+ (37. Qg4 {looks sharper.} Rdc7 38. Rfb1 Bb6 39. Qg3 Rf7 40. Be3) 37... Rxc4 38. Rb8+ Kf7 39. Rh8 Ke6 40. Kh2 Rc2 41. f3 Rxa2 {[#] Hoping for ...Rb7.} 42. Rc1 a5 43. Ra8 Ra7 ({Black should play} 43... Bb6 $17) 44. Rc6+ $2 (44. Rd8 $1 $11) 44... Kd5 $19 45. Rc1 $2 (45. Rac8) 45... Rxa8 {Accuracy: White = 41%, Black = 57%.} 0-1

[Event "47th GER-ch Blitz 2020"]
[Site "Magdeburg"]
[Date "2020.08.15"]
[Round "3.2"]
[White "Langrock, Hannes"]
[Black "Voege, Tobias"]
[Result "1-0"]
[WhiteElo "2346"]
[BlackElo "2326"]
[Annotator "TA"]
[PlyCount "125"]
[EventDate "2020.07.28"]
[EventType "tourn"]
[EventCountry "GER"]
[SourceTitle "playchess.com"]
[Source "ChessBase"]
[SourceQuality "1"]

{[%evp 9,124,75,76,53,59,49,71,77,70,25,97,104,140,151,129,103,151,147,135,128,141,149,122,129,271,206,198,206,189,187,218,204,203,205,202,192,233,153,259,257,641,485,622,371,450,445,417,287,270,138,308,275,244,239,303,252,447,287,291,237,221,216,209,210,435,229,367,373,505,504,439,253,331,233,454,435,635,548,525,0,633,602,641,574,575,404,727,734,725,708,737,721,890,888,1224,1212,29985,858,29981,29982,29989,29990,29990,29991,29994,29993,29993,29993,29994,29986,29988,29989,29996,29996,29996,29997,29999]} 1. d4 d5 2. c4 Nc6 3. Nc3 e5 4. cxd5 Nxd4 5. e3 Nf5 6. Bb5+ {D07: Queen's Gambit: Chigorin Defence.} Bd7 7. Qb3 {[#]} c6 $146 ({Predecessor:} 7... Nd6 8. Bxd7+ Qxd7 9. Nf3 f6 10. e4 g6 11. O-O Nh6 12. Ne1 Nhf7 13. Nd3 b6 {0-1 (48) Gombac,J (2253)-Mestek,I (2135) Nova Gorica 2019}) 8. dxc6 {White is better.} bxc6 {...Rb8 is the strong threat.} 9. Bc4 Ngh6 (9... Nd6 $11 {keeps the balance.} 10. Be2 e4) 10. Nf3 $16 Rb8 11. Qc2 $36 {[%mdl 2048] White has strong initiative.} Bd6 12. O-O O-O 13. Ne4 Bc7 14. b3 {Black must now prevent Ba3.} Qe7 15. a4 Rfd8 16. Ba3 Qe8 (16... Nd6 $16 17. Bxd6 Bxd6) 17. Rad1 Be6 18. Nfg5 Bxc4 19. Qxc4 ({Don't play} 19. bxc4 $6 f6 $14) 19... Ne7 20. Nd6 Bxd6 21. Bxd6 Rb7 22. Bxe5 Nd5 23. Bb2 Re7 (23... Nxe3 $16 {was necessary.} 24. Qc3 (24. fxe3 Qxe3+ 25. Kh1 Qxg5 $14) 24... Nef5) 24. Qc2 f6 $2 (24... f5 25. Nf3 Rb7) 25. Qxh7+ $18 Kf8 26. Qh8+ Ng8 27. Nf3 Nb4 28. Nd4 c5 29. Nf5 (29. Ba3 $18) 29... Red7 $2 (29... Rxd1 $16 {was called for.} 30. Rxd1 Rd7) 30. Rxd7 Rxd7 31. Ba3 {Strongly threatening Bxb4.} Qe5 32. Qh3 Rd2 $2 (32... Rd5 {was worth a try.}) 33. Ng3 a5 34. Qc8+ Kf7 35. h3 Ne7 36. Qa8 Nec6 $2 (36... Nd3 {keeps fighting.} 37. Qe4 (37. Qxa5 Ra2 $16) 37... Qd5) 37. Qb7+ (37. Bxb4 $142 Nxb4 38. Qxa5) 37... Qe7 (37... Ne7 $142 38. e4 g6) 38. Qb5 g6 39. Rc1 Rd5 40. Qc4 (40. e4 $142 Rd8 41. Bxb4 Nxb4 42. Rxc5) 40... Kg7 41. Rf1 Re5 $2 (41... Ne5 42. Qb5 Qd8) 42. Bb2 Rg5 (42... Rd5 $142 43. Qg4 Kf7) 43. Ne4 Rf5 44. Ng3 Rg5 $1 45. Rd1 Ne5 46. Qe2 Nf7 47. Kh2 Nc6 (47... Rd5 $142 48. Rxd5 Nxd5) 48. f4 Rxg3 49. Kxg3 Nd6 50. Kh2 Ne4 51. Qc4 Nb4 52. Qb5 Kh6 53. Qd7 (53. Rd7 $142 Qe6 54. Qb7 Qxd7 55. Qxd7 c4 56. Qf7 c3 {[#]} 57. Bxc3 $1 {[%mdl 512]} Na2 58. Qg8) 53... Qf8 54. Qg4 {White mates.} g5 {[#]} 55. Qf5 $1 gxf4 56. Qxe4 fxe3 57. Qxe3+ Kg6 58. Qe4+ Kg7 59. Re1 Qb8+ 60. Kh1 Na2 61. Qg4+ Kh7 62. Bxf6 {[%csl Gf6][%cal Rg4g7]} Qxb3 63. Qg7# {Accuracy: White = 54%, Black = 30%.} 1-0

[Event "47th GER-ch Blitz 2020"]
[Site "Magdeburg"]
[Date "2020.08.15"]
[Round "3.3"]
[White "Siebrecht, Sebastian"]
[Black "Weller, Manuel"]
[Result "1-0"]
[WhiteElo "2429"]
[BlackElo "2237"]
[Annotator "TA"]
[PlyCount "37"]
[EventDate "2020.07.28"]
[EventType "tourn"]
[EventCountry "GER"]
[SourceTitle "playchess.com"]
[Source "ChessBase"]
[SourceQuality "1"]

{[%evp 9,37,38,64,18,43,41,40,32,59,33,98,72,80,84,214,203,222,218,227,190,402,18,13,15,0,0,18,0,0,0]} 1. d4 d5 2. Nf3 Nc6 3. c4 Bg4 4. Nc3 Bxf3 5. gxf3 Nf6 6. Bf4 {D07: Queen's Gambit: Chigorin Defence.} e6 7. e3 Bd6 {Threatening ...Bxf4.} 8. Bg3 {White is slightly better.} h5 9. cxd5 exd5 {[#]} (9... Nxd5 $14 10. Qb3 O-O) 10. Bb5 $146 ({Predecessor:} 10. Bh4 Qd7 11. Bxf6 gxf6 12. Nxd5 O-O-O 13. Nc3 Rhe8 14. Qd2 Qf5 15. Be2 Bf4 16. Qd3 Qxd3 17. Bxd3 Nxd4 {1-0 (52) Chueca Forcen,A (2280)-Vazquez Torres,A (2210) Linares 2010}) 10... h4 11. Be5 O-O {[#]} (11... Rh6 $16) 12. f4 $1 $18 Bb4 {[#]} 13. Rg1 $1 {[%cal Rg1g7]} Bxc3+ 14. bxc3 Ne8 $2 (14... Re8 15. Rb1 a6) 15. Bxc6 $2 (15. Bd3 $18) 15... bxc6 $11 {The position is equal.} 16. f5 $1 {Strongly threatening Rxg7+!} f6 $1 {[%cal Rf6e5]} 17. Bf4 Qe7 18. Rg4 Qe4 19. Qb1 $1 {[%mdl 32768] Accuracy: White = 70%, Black = 52%. . Loss on time!?} 1-0

[Event "47th GER-ch Blitz 2020"]
[Site "Magdeburg"]
[Date "2020.08.15"]
[Round "3.4"]
[White "Braun, Georg"]
[Black "Bluebaum, Matthias"]
[Result "0-1"]
[WhiteElo "2360"]
[BlackElo "2647"]
[Annotator "TA"]
[PlyCount "102"]
[EventDate "2020.07.28"]
[EventType "tourn"]
[EventCountry "GER"]
[SourceTitle "playchess.com"]
[Source "ChessBase"]
[SourceQuality "1"]

{[%evp 17,102,0,9,0,0,-55,0,-4,0,0,0,0,0,0,55,56,63,0,0,-12,0,-19,5,-25,0,-108,-107,-127,-132,-133,-134,-117,-91,-79,-73,-69,-81,-87,-97,-97,-103,-97,-79,-130,-137,-172,0,-129,-117,-127,-123,-154,-93,-150,-143,-200,-198,-275,-264,-257,-238,-353,-344,-378,-372,-367,-387,-381,-374,-381,-366,-366,-286,-544,-525,-540,-496,-1224,-1242,-1186,-1157,-1093,-858,-1485,-1265,-12847,-12847]} 1. e4 e6 2. d4 d5 3. Nc3 Nf6 4. Bg5 dxe4 5. Nxe4 Be7 6. Bxf6 Bxf6 7. Nf3 Nd7 8. Qd2 Be7 9. O-O-O O-O 10. Kb1 {C13: French: Classical System: 4 Bg5 Be7, Alekhine-Chatard Attack.} c5 {[#]} 11. d5 $146 (11. Nxc5 $11 Nxc5 12. dxc5) ({Predecessor:} 11. g4 Qb6 12. Bg2 Rd8 13. Qe3 cxd4 14. Nxd4 Ne5 15. Qg3 Nc4 16. Nb3 Bd7 17. g5 Bc6 {½-½ (69) Zumsande,M (2471)-Vignesh,B (2261) Douglas 2017}) 11... exd5 (11... Nf6 $15 12. Nxf6+ Bxf6) 12. Qxd5 $11 {The position is equal.} Qc7 13. Bd3 Nf6 14. Qe5 Qxe5 15. Nxe5 Be6 ({Black should play} 15... Ng4 $11 16. Nf3 Bf5) 16. Ng5 $1 $14 Bd5 17. Rhe1 (17. Nxh7 $1 $14 Rfe8 18. Nxf6+ Bxf6 19. Ng4) 17... Rad8 $11 18. f3 h6 19. Ne4 Bxe4 20. Bxe4 Bd6 21. Nc4 (21. Bd3 $11 {remains equal.}) 21... Nxe4 $17 22. fxe4 Bxh2 23. Rd5 Rfe8 24. Red1 Rc8 25. e5 {[#] Threatens to win with Nd6.} Rc7 26. a4 Re6 27. Rd8+ Kh7 28. R8d7 Re7 29. R7d5 b6 30. b3 ({Better is} 30. c3) 30... Rc6 31. Rd7 Rc7 32. R7d5 $1 Bf4 {Black converts the advantage convincingly.} 33. Rf1 Bg5 34. Rfd1 h5 (34... f6 $142 35. g3 fxe5 36. Nxe5 Re8) 35. c3 ({White should try} 35. a5) 35... Bf4 36. Rf1 (36. Kc2 $17 {is a better defense.}) 36... g5 $19 37. Rfd1 (37. a5 $142) 37... h4 38. Kc2 Kg6 39. Kd3 (39. Rd6+ {was called for.} Kh5 40. Re1) 39... Rcd7 40. Ke4 f5+ 41. Kf3 Rxd5 42. Rxd5 {[%mdl 4096] Endgame KRB-KRN} Re6 43. b4 cxb4 44. cxb4 Bh2 45. b5 $2 (45. Rd6 Rxd6 46. exd6) 45... g4+ {Black is clearly winning.} 46. Ke3 Kg5 47. Rd6 (47. Kd2 $142 h3 48. gxh3 gxh3 49. Rd3 Bf4+ 50. Ke2) 47... Rxd6 {[%mdl 64] [#] Overworked Piece} 48. exd6 Kf6 49. a5 Ke6 50. axb6 axb6 51. Nxb6 Bg1+ {Accuracy: White = 46%, Black = 80%.} 0-1

[Event "47th GER-ch Blitz 2020"]
[Site "Magdeburg"]
[Date "2020.08.15"]
[Round "3.5"]
[White "Ehmann, Thilo"]
[Black "Braeuning, Rudolf Wilhelm"]
[Result "1/2-1/2"]
[WhiteElo "2329"]
[BlackElo "2244"]
[Annotator "TA"]
[PlyCount "75"]
[EventDate "2020.07.28"]
[EventType "tourn"]
[EventCountry "GER"]
[SourceTitle "playchess.com"]
[Source "ChessBase"]
[SourceQuality "1"]

{[%evp 16,75,1,0,37,0,48,56,63,69,76,47,46,0,0,-17,0,-18,-18,-3,-11,-31,0,-27,0,0,0,-30,37,31,173,181,165,173,173,100,337,337,389,378,464,280,602,596,747,748,723,741,932,866,842,831,888,812,12841,1970,1498,1422,29997,29998,29998,29999]} 1. e4 c6 2. d4 d5 3. Nc3 g6 4. h3 Bg7 5. Nf3 Nf6 6. e5 Ne4 7. Bd3 Nxc3 8. bxc3 c5 9. O-O Nc6 {B15: Caro-Kann: 3 Nc3: 3...g6 and 3...dxe4 4 Nxe4 Nf6 5 Nxf6+ exf6.} (9... c4 $5 10. Be2 $8 Nc6 $11) 10. Re1 {[#]} cxd4 $146 ({Predecessor:} 10... Qa5 11. Bd2 c4 12. Bf1 O-O 13. a4 f6 14. exf6 exf6 15. Qc1 Bf5 16. Nh4 Bd7 17. Rb1 {½-½ (29) Martinez Duany,L (2509)-Bacallao Alonso,Y (2605) Havana 2018}) 11. cxd4 Nb4 {White is slightly better.} 12. Bb5+ Bd7 13. Bxd7+ Qxd7 14. e6 fxe6 15. c3 Nc6 16. Bf4 O-O 17. Bg3 Rac8 18. Qd3 Rf5 19. Re2 {[#]} e5 $1 {[%mdl 512]} 20. dxe5 e6 21. Rb1 b6 ({Black should try} 21... Rc7 $11) 22. c4 $1 $14 Rcf8 (22... Ne7 $14) 23. cxd5 $18 Qxd5 24. Qxd5 exd5 25. Rd1 ({White should play} 25. Rc1 $18 Rxf3 {[%mdl 64] Remove Defender} 26. gxf3 (26. Rxc6 Rd3 $14)) 25... Rxf3 $2 {[#]} (25... d4 $16 {might work better.}) 26. gxf3 d4 27. f4 Rd8 28. Bh4 Rd5 $2 (28... Rc8 29. Kg2 Bf8) 29. e6 d3 30. e7 Nxe7 31. Rxe7 Rf5 32. Re3 Rxf4 33. Bg3 Ra4 34. Rdxd3 Rxa2 35. Rd8+ Kf7 36. Rd7+ Kf8 37. Bd6+ Kg8 38. Re8+ {[%mdl 32768] Accuracy: White = 56%, Black = 25%. . An unexpected result.} 1/2-1/2

[Event "47th GER-ch Blitz 2020"]
[Site "Magdeburg"]
[Date "2020.08.15"]
[Round "3.6"]
[White "Baskin, Robert"]
[Black "Muranyi, Karl-Jasmin"]
[Result "1-0"]
[WhiteElo "2390"]
[BlackElo "2331"]
[Annotator "TA"]
[PlyCount "119"]
[EventDate "2020.07.28"]
[EventType "tourn"]
[EventCountry "GER"]
[SourceTitle "playchess.com"]
[Source "ChessBase"]
[SourceQuality "1"]

{[%evp 10,119,32,10,14,8,34,33,31,38,37,13,16,21,20,15,22,31,22,22,21,17,27,13,27,24,27,13,17,11,20,16,19,16,24,0,0,0,0,0,0,0,0,0,0,0,10,2,75,57,160,161,256,244,241,237,345,345,336,338,689,688,666,399,562,398,391,385,458,445,483,479,599,556,614,615,640,597,566,540,708,678,851,840,825,852,1343,1335,1138,1145,2522,2358,2551,2283,2960,2834,2214,2172,29978,29979,29981,29982,29982,29976,29982,29982,29985,29986,29988,29989,29990,29987]} 1. e4 c6 2. Nc3 d5 3. Nf3 Bg4 4. h3 Bxf3 5. Qxf3 e6 6. Be2 Nf6 {B11: Caro-Kann: Two Knights Variation.} 7. O-O dxe4 8. Nxe4 Nxe4 {White is slightly better.} 9. Qxe4 Qd5 10. Bf3 (10. Qh4 {with more complications.} Qe5 11. Re1 Be7 12. Qc4 O-O 13. d4) 10... Qxe4 11. Bxe4 Nd7 12. d4 Be7 {[#]} 13. c3 $146 ({Predecessor:} 13. c4 Nf6 14. Bf3 O-O 15. Be3 Rfd8 16. a3 a5 17. Rab1 h6 18. Rfd1 Rd7 19. Rd2 {½-½ (38) Donner,B (2305)-Brenke,A (2275) Germany 1997}) 13... a5 14. a4 Nf6 15. Bf3 Nd5 16. g3 O-O 17. Bd2 Rfd8 18. Rad1 h6 19. h4 Kf8 20. Rfe1 Rd7 21. Kg2 Rad8 22. Bc1 b5 23. axb5 cxb5 24. Bd2 Rc8 25. Be2 Rb7 26. Ra1 a4 27. Rec1 Ra8 28. b3 a3 (28... Rba7 $11) 29. b4 a2 {White leaves nothing to chance now.} ({Black should play} 29... Bf6 $14) 30. Rc2 $36 {[%mdl 2048] Keeping Black busy.} Rba7 (30... Rc8 $142) 31. Bxb5 $18 Ra3 32. Bc4 Rc8 (32... Nb6 $142) 33. Bxd5 $1 ({Less strong is} 33. Raxa2 Rxa2 34. Bxa2 (34. Rxa2 Nxc3 35. Bxc3 Rxc4 $16) 34... Nxb4 $16) (33. Bxa2 Nxb4 34. Rb2 Nd3 $14) 33... exd5 34. Rcxa2 Rb3 $2 {[#]} (34... Rxa2 35. Rxa2 Bd8) 35. Ra8 Re8 36. Rxe8+ Kxe8 {[%mdl 4096] Endgame KRB-KRB} 37. Ra5 Rb2 38. Be1 Rb1 39. Kf1 g5 40. h5 g4 41. Rxd5 Bg5 42. Ke2 Ke7 43. Re5+ Kd6 44. Kd3 f6 45. Re2 Rd1+ 46. Bd2 f5 47. Kc2 Rh1 48. Bxg5 hxg5 {KR-KR} 49. c4 Rxh5 50. b5 f4 51. Kc3 Rh3 52. c5+ Kd7 53. Re5 fxg3 54. fxg3 {White mates.} Rxg3+ 55. Kc4 Rg1 56. Rxg5 g3 57. Kd5 g2 58. b6 {[%cal Bb5b6,Bb6b7][%mdl 32]} Ke7 59. b7 Kf6 60. Rg3 {Accuracy: White = 98%, Black = 50%.} 1-0

[Event "47th GER-ch Blitz 2020"]
[Site "Magdeburg"]
[Date "2020.08.15"]
[Round "3.7"]
[White "Barzen, Pascal"]
[Black "Krause, Benedict"]
[Result "1-0"]
[WhiteElo "2321"]
[BlackElo "2425"]
[Annotator "TA"]
[PlyCount "115"]
[EventDate "2020.07.28"]
[EventType "tourn"]
[EventCountry "GER"]
[SourceTitle "playchess.com"]
[Source "ChessBase"]
[SourceQuality "1"]

{[%evp 26,115,3,-28,12,25,52,49,45,57,64,52,91,81,84,90,115,66,81,69,75,40,185,184,202,196,382,362,347,331,484,484,479,472,511,491,560,351,338,301,382,372,388,321,331,-273,249,205,290,262,341,281,289,129,215,28,12,31,95,14,14,14,14,22,182,175,311,56,58,65,610,601,557,514,359,335,327,325,1950,1849,29977,29971,29990,29984,29990,29984,29986,29987,29992,29993,29995,29996]} 1. e4 c6 2. d4 d5 3. Nd2 dxe4 4. Nxe4 Bf5 5. Ng3 Bg6 6. h4 h6 7. Nf3 Nd7 8. h5 Bh7 9. Bd3 Bxd3 10. Qxd3 e6 11. Bd2 Ngf6 12. O-O-O Be7 13. Qe2 O-O 14. Kb1 {14.Nf1 is a critical line. has lost popularity (14.Nf1).} Qc7 {B19: Classical Caro-Kann: 4...Bf5 main line.} 15. Ne4 c5 16. g4 Nxe4 {White is slightly better.} 17. Qxe4 Nf6 18. Qe2 cxd4 ({Wrong is} 18... Nxg4 $2 19. Rhg1 $18) 19. g5 $1 hxg5 20. Bxg5 {[#]} Nd5 $146 ({Predecessor:} 20... Rfd8 21. Ne5 Rd5 22. f4 d3 23. cxd3 Nd7 24. Bxe7 Nxe5 25. fxe5 Qxe7 26. h6 g6 {1-0 (53) Iglesias,J-Schiller,E (2199) Dos Hermanas 2003}) 21. Bxe7 Qxe7 22. Rxd4 Qf6 23. Rg4 Kh8 {[#]} (23... Ne7 $14) 24. Ne5 $1 $18 Rad8 25. Qe4 {aiming for Ng6+!} Ne7 $2 {[#]} (25... Rfe8 26. f4 b6) 26. Ng6+ $1 {[%mdl 512]} Kg8 ({Stronger than} 26... fxg6 27. hxg6+ Kg8 {[#]} 28. Rh8+ $1 {[%mdl 512]} Kxh8 29. Qh1+ Qh4 30. Rxh4+ Kg8 31. Rh8#) 27. Nxf8 Rxf8 (27... Kxf8 {was worth a try.} 28. Rhg1 Qf5) 28. h6 {Qh7+! would kill now.} g6 29. h7+ Kh8 30. Qxb7 a5 31. f4 Nd5 32. Qb5 a4 33. a3 Rc8 34. Qe2 Nxf4 35. Rf1 $4 {[%mdl 8192]} (35. Qb5 $18) 35... e5 $4 {[%mdl 8192]} (35... Rb8 $19 {[%csl Gb8][%cal Rf6b2]} 36. c4 Qf5+ 37. Qc2 Qxg4 38. Qc3+ Kxh7) 36. Qe4 Kxh7 (36... Qe6 $142 37. Rg3 Rc4 38. Qa8+ Qc8) 37. Qxa4 Rb8 38. Rh1+ Kg7 39. Rd1 (39. Qc4 $18 {is more deadly.}) 39... Qb6 (39... e4 $16 {keeps fighting.} 40. Qd4 Qxd4 41. Rxd4 Ne2) 40. Qb3 $2 (40. b3 $18) 40... Qxb3 $11 41. cxb3 Rxb3 {[%mdl 4096] Endgame KRR-KRN} (41... f5 $14 42. Rgg1 Rxb3) 42. Ka2 ({White should play} 42. Kc2 $16 Rb6 43. Rd7) 42... Rb7 43. a4 f5 44. Rg3 Kf6 $2 (44... e4 $1 $11) 45. Rd6+ Kf7 (45... Ke7 {might work better.} 46. Ra6 e4) 46. Ka3 $2 (46. a5 $18) 46... e4 $1 $14 47. a5 Nd3 $2 {[%mdl 8192]} (47... Re7 $14) 48. a6 $18 Ra7 49. Rgxg6 e3 {intending ...e2.} 50. Rgf6+ Kg7 51. Rfe6 f4 $2 (51... Nc5) 52. Rxd3 Rf7 53. Rd1 {White mates.} Rf5 54. b4 Kf7 55. Re4 Rf6 56. b5 Rb6 57. a7 Rxb5 58. a8=Q {Accuracy: White = 59%, Black = 35%.} 1-0